Sad Girl - Lana Del Rey - All Lyrics - Statistics

General Stats
  • This quiz has been taken 273 times
  • The average score is 323 of 371
Answer Stats
Answer % Correct
a
100%
girl
99%
sad,
99%
sad
99%
I'm
96%
I’m
96%
the
95%
you
94%
You
94%
on
92%
he
90%
me
90%
and
89%
bad
88%
my
87%
side
87%
side,
87%
It
86%
it
86%
be
84%
man
84%
(Man)
84%
(Man,
84%
man)
84%
got
83%
He's
83%
He’s
83%
seen
83%
who
82%
But
81%
haven't
81%
like
81%
Makes
81%
to
81%
not
80%
fire
79%
fire,
79%
His
78%
him
76%
money
76%
do
74%
might
74%
with
74%
mistress
73%
Being
72%
fools
72%
walks
71%
would
68%
Bonnie
67%
you're
67%
what
66%
baby
65%
say
65%
talks
65%
something
63%
talking
59%
appeal
58%
bitch
58%
Watch
58%
around
56%
Careful
53%
gets
51%
high
46%
while
45%
Creeping
31%
No matching quizzes found
Score Distribution
Percent of People with Each Score
Percentile by Number Answered
Your Score History
You have not taken this quiz